Co to za marka? - Statystyki

Ogólne statystyki
  • Ten quiz został rozwiązany 701 razy
  • Średni wynik to 7 z 15
Statystyki odpowiedzi
Model Marka % Poprawnych
Superb Skoda
87%
SQ7 Audi
76%
Kadett Opel
65%
Corrado Volkswagen
59%
C70 Volvo
53%
Eclipse Mitsubishi
51%
X-type Jaguar
50%
Centenario Lamborghini
46%
Bentayga Bentley
45%
R Mercedes
42%
Mi Seat
36%
Niva Lada
35%
Elise Lotus
30%
Vulcan Aston Martin
28%
Rexton SsangYong
13%
Nie znaleziono quizów pasujących do podanych kryteriów
Rozkład punktacji
Procent ludzi z każdym wynikiem
Percentyl według liczby udzielonych odpowiedzi
Twoja historia wyników
Nie rozwiązałeś tego quizu